Enviromental Law. (Record no. 40256)

MARC details
000 -LEADER
fixed length control field 00421nam a2200193Ia 4500
020 ## - INTERNATIONAL STANDARD BOOK NUMBER
ISBN 978-1-292-01291-9
050 ## - CALL MARK
Classification number KN 94 .S5/
100 ## - STATEMENT OF RESPONSIBILITY--MAIN AUTHOR NAME
Personal name Sneddon Simon
245 #0 - TITLE STATEMENT
Title Enviromental Law.
250 ## - EDITION / VOLUME STATEMENT
Edition / Volume statement 2nd edi.
260 ## - PUBLICATION, DISTRIBUTION, ETC. (IMPRINT)
Place of publication England
260 ## - PUBLICATION, DISTRIBUTION, ETC. (IMPRINT)
Name of publisher Pearson
260 ## - PUBLICATION, DISTRIBUTION, ETC. (IMPRINT)
Year of publication 2015
300 ## - PHYSICAL DESCRIPTION
Number of Pages 181 p
650 ## - SUBJECT ADDED ENTRY--TOPICAL TERM
Topical Term England
942 ## - ADDED ENTRY ELEMENTS (KOHA)
Koha item type Books
Holdings
Withdrawn status Lost status Source of classification or shelving scheme Damaged status Not for loan Permanent Location Current Location Date acquired Accession Number Price effective from Koha item type
    Library of Congress Classification     Law Library Law Library 06/03/2025 0188311 06/03/2025 Books
    Library of Congress Classification     NILE UNIVERSITY OF NIGERIA - MAIN LIBRARY NILE UNIVERSITY OF NIGERIA - MAIN LIBRARY 06/03/2025 0188310 06/03/2025 Books